| 000 | 00372nam a2200145Ia 4500 | ||
|---|---|---|---|
| 008 | 230917s9999||||xx |||||||||||||| ||und|| | ||
| 040 |
_e162044 _aMAIN |
||
| 041 | _aEnglish | ||
| 082 | _a647.94 R313R | ||
| 100 | _aNambiar, Anil, ed. | ||
| 245 | 0 | _aRestaurant operation management | |
| 260 |
_aNew Delhi _bAlfa Publications _c2009 |
||
| 300 | _avi, 280 p. | ||
| 942 | _cBK | ||
| 999 |
_c153264 _d153264 |
||